Grandes Biografías : (Registro nro. 63670)
[ vista simple ]
| 000 -LEADER | |
|---|---|
| fixed length control field | 00570nam a2200193 u 4500 |
| 001 - CONTROL NUMBER | |
| control field | 63670 |
| 005 - DATE AND TIME OF LATEST TRANSACTION | |
| control field | 20180714070210.0 |
| 008 - FIXED-LENGTH DATA ELEMENTS--GENERAL INFORMATION | |
| fixed length control field | 151016s2002 mx r 000 0 spa d |
| 020 ## - INTERNATIONAL STANDARD BOOK NUMBER | |
| International Standard Book Number | 84-8403-869-6 |
| 082 ## - DEWEY DECIMAL CLASSIFICATION NUMBER | |
| Classification number | 923.90972 |
| 100 1# - MAIN ENTRY--PERSONAL NAME | |
| Personal name | Gimenez Saurina, Manuel |
| Relator term | autor |
| 245 10 - TITLE STATEMENT | |
| Title | Grandes Biografías : |
| Remainder of title | Hernán Cortés. |
| 264 ## - PRODUCTION, PUBLICATION, DISTRIBUTION, MANUFACTURE, AND COPYRIGHT NOTICE | |
| Place of production, publication, distribution, manufacture | México : |
| Name of producer, publisher, distributor, manufacturer | Siglo Veintiuno |
| Date of production, publication, distribution, manufacture, or copyright notice | 2002 |
| 300 ## - PHYSICAL DESCRIPTION | |
| Extent | 188 páginas ; |
| Dimensions | 23 cm. |
| 336 ## - CONTENT TYPE | |
| Content type term | texto |
| Source | rdacontent |
| 337 ## - MEDIA TYPE | |
| Media type term | sin mediación |
| Source | rdamedia |
| 338 ## - CARRIER TYPE | |
| Carrier type term | volumen |
| Source | rdacarrier |
| 490 1# - SERIES STATEMENT | |
| Series statement | Grandez Biografías |
| Withdrawn status | Lost status | Source of classification or shelving scheme | Damaged status | Not for loan | Collection code | Home library | Current library | Shelving location | Date acquired | Source of acquisition | Total Checkouts | Full call number | Barcode | Date last seen | Price effective from | Koha item type |
|---|---|---|---|---|---|---|---|---|---|---|---|---|---|---|---|---|
| Dewey Decimal Classification | Consulta en sala | General | Tehuacán | Tehuacán | Sala general | 16/10/2015 | Compra | 923.90972 COR 2002 | 508575 | 08/01/2025 | 16/10/2015 | Reserva permanente |